Media Watch (Record no. 227117)
[ view plain ]
| 000 -LEADER | |
|---|---|
| fixed length control field | 00768nam a2200157 4500 |
| 005 - DATE AND TIME OF LATEST TRANSACTION | |
| control field | 20230331101926.0 |
| 008 - FIXED-LENGTH DATA ELEMENTS--GENERAL INFORMATION | |
| fixed length control field | 230331b ||||| |||| 00| 0 eng d |
| 040 ## - CATALOGING SOURCE | |
| Transcribing agency | AL |
| 041 ## - LANGUAGE CODE | |
| Language code of text/sound track or separate title | eng |
| 245 ## - TITLE STATEMENT | |
| Title | Media Watch |
| 260 ## - PUBLICATION, DISTRIBUTION, ETC. | |
| Place of publication, distribution, etc. | New Delhi |
| Name of publisher, distributor, etc. | Sage Publications |
| 500 ## - GENERAL NOTE | |
| General note | Media Watch is a double-blind peer-reviewed tri-annual media and communication journal demonstrating high-quality academic standards at all levels of its publication. Published jointly by Centre for Academic Social Action and SAGE-India, the journal reflects the international scope of the field and encourages contributions from scholars and researchers worldwide. |
| 650 ## - SUBJECT ADDED ENTRY--TOPICAL TERM | |
| Source of heading or term | Journalism |
| Topical term or geographic name entry element | Mass Communication |
| 9 (RLIN) | 80625 |
| 856 ## - ELECTRONIC LOCATION AND ACCESS | |
| Host name | https://journals.sagepub.com/home/mdw |
| 942 ## - ADDED ENTRY ELEMENTS (KOHA) | |
| Source of classification or shelving scheme | Dewey Decimal Classification |
| Koha item type | Periodicals |
| Serial record | 1 |
| Withdrawn status | Lost status | Source of classification or shelving scheme | Damaged status | Not for loan | Collection code | Home library | Current library | Shelving location | Date acquired | Source of acquisition | Serial Enumeration / chronology | Total Checkouts | Barcode | Date last seen | Price effective from | Koha item type |
|---|---|---|---|---|---|---|---|---|---|---|---|---|---|---|---|---|
| Dewey Decimal Classification | Not for loan | MAJMC | St Aloysius PG Library | St Aloysius PG Library | Periodical Section | 03/31/2023 | Sage Publications | Vol.14, No.1 | MDW1401 | 03/31/2023 | 03/31/2023 | Periodicals | ||||
| Dewey Decimal Classification | Not for loan | MAJMC | St Aloysius PG Library | St Aloysius PG Library | Periodical Section | 03/08/2024 | Sage Publications | Vol.15, No.1 | MDW1501 | 03/11/2024 | 03/11/2024 | Periodicals |